| 000 | 00814cam a22002531 4500 | ||
|---|---|---|---|
| 001 | 28786 | ||
| 003 | BD-RjUL | ||
| 005 | 20211209051328.0 | ||
| 008 | 140331q19501959pk 000 0 eng | ||
| 035 | _a(BD-RjUL)28868 | ||
| 040 |
_aDLC _cDLC _dDLC _beng |
||
| 041 | _aeng | ||
| 082 |
_a 891.41 _bIQC 1961 |
||
| 100 | 1 |
_aIqbal, Muhammad, _d1877-1938. _988039 |
|
| 245 | 1 | 0 |
_aComplaint and Answer, Shikwa and Jawab-i shikwa / _cTranslated out of the Urdu into English verse by A.J. Arberry. |
| 260 |
_aLahore : _bShaikh Muhammad Ashraf, _cC1950 [reprinting 1961] |
||
| 300 |
_aviii, 79 p. ; _c18 cm. |
||
| 650 |
_aSindhi Literature _9163811 |
||
| 700 | 1 |
_aArberry, A. J. _q(Arthur John), _d1905-1969. _95438 |
|
| 740 | 0 | _aComplaint. | |
| 740 | 0 | _aAnswer. | |
| 942 |
_2ddc _cBK |
||
| 999 |
_c28786 _d28786 |
||